01150nam a2200265Ia 4500001000700000008004100007035001600048041001000064084001900074110002400093245049100117260002600608300002100634650001200655650003100667650002700698650001500725650001400740650001300754650002300767650001600790650002700806710000800833710004300841006560221003s2002 xx 000 0 spa d aCENDO_10800 aspab aMU-00044-00022 aESPAÑA.bGobierno 0aMemoria presentada por el Gobierno de España, de conformidad con las disposiciones del artículo 22 de la constitución de la Organización Internacional del Trabajo, correspondiente al periodo que termina el 1 de junio de 2002, acerca de las medidas adoptadas para dar efectividad a las disposiciones del Convenio núm. 103, sobre la protección de la maternidad (ratificado), 1952, cuya ratificación formal ha sido ratificada el 17 de agosto de 1965 /c[Gobierno de España] a[S.l. :bs.n.],c2002 a25 h. ;c 30 cm aMUJERES aPRESTACIONES DE MATERNIDAD aLICENCIA DE MATERNIDAD aMATERNIDAD aLACTANCIA aESPAÑA aCONVENIO DE LA OIT aLEGISLACION aINFORME DE ACTIVIDADES aOIT aORGANIZACION INTERNACIONAL DEL TRABAJO